LEADER 01134nam0 2200277 4500 001 000031321 005 20170209151242.0 010 $a978-88-14-21141-6 100 $a20170209d2016----km-y0itay50------ba 101 0 $aita 102 $aIT 105 $ay-------001yy 200 1 $a<>disciplina delle mansioni prima e dopo il Jobs Act$equadro legale e profili problematici$fa cura di Gaetano Zilio Grandi, Elena Gramano 210 $aMilano$cGiuffr?$d2016 215 $aXV, 202 p.$d24 cm 410 0$12001$a<>nuovo diritto del lavoro 500 10$a<>disciplina delle mansioni prima e dopo il Jobs Act : quadro legale e profili problematici$91395836 610 1 $aLavoratori$aMansioni$aLegislazione$aItalia 676 $a344.4501125$v22$9Diritto del lavoro. Manodopera occupata. Italia 700 1$aGramano,$bElena$0719125 702 1$aZilio Grandi,$bGaetano 801 0$aIT$bUNIPARTHENOPE$c20170209$gRICA$2UNIMARC 912 $a000031321 951 $a344-D/55$b46396$cNAVA1$d2017 996 $aDisciplina delle mansioni prima e dopo il Jobs Act : quadro legale e profili problematici$91395836 997 $aUNIPARTHENOPE